000 00663nam a22001937a 4500
999 _c183606
_d183606
005 20211229155656.0
010 _aENG-130756
020 _a978-93-886-896-70
_c3999.00
035 _aEN-114288
037 _bDBAD
082 _a294.535095485
100 _aRai, Raghu
245 _aShri Venkateswara of Tirupati:
_cRaghu Rai, Lekshmy Rajeev
260 _aChennai
_bWestland Publications Private Limited
_c2019
270 _a1st Floor, A Block, East Wing, Plot No. 40, SP Info City, Dr. MGR Salai, Perungudi, Kandanchavadi
_bChennai
_e600096
300 _a174p
_c33cm(hbk)
700 _aRajeev, Lekshmy
942 _2ddc
_cEN
_h294.535095485
_mRAI